LEADER 01212nam a2200277 i 4500 001 000000182673 003 CaOOAMICUS 005 20220502100450.0 008 091028s1962 be u000 u lat u 013 $a160631 040 $aSeMil$bita 100 1 $aMolitor, Joseph.$0(OLS)http://semarc/name/10027 245 10$a1 /$ccomposuit Joseph Molitor. 264 1$aLouvain :$bCorpusSCO,$c1962. 300 $aVII, 232 p. ;$c25 cm 490 1 $aCorpus Scriptorum Christianorum Orientalium ;$v228 490 1 $aCorpus Scriptorum Christianorum Orientalium. Subsidia ;$v20 773 0 $aMolitor, Joseph$tGlossarium Ibericum.$dLouvain : CorpusSCO, 1962-1964.$kCorpus Scriptorum Christianorum Orientalium. Subsidia$w()22352 830 0$aCorpus Scriptorum Christianorum Orientalium ;$v228.$0(OLS)http://semarc/title/77 830 0$aCorpus Scriptorum Christianorum Orientalium. Subsidia ;$v20.$0(OLS)http://semarc/title/9539 850 $aSeMil 852 $aSeMil$W1$xVenegono$y1$m2S III 228$j133377$B133377$CSeMilBibl$Z2$F145104 $81 961 $aOmaggio: Altro 996 $6245$a1$9(OLS)http://semarc/title/46247 996 $6264$aLouvain :$bCorpusSCO$9(OLS)http://semarc/publisher/31949 LEADER 00960nam a2200217 i 4500 001 000000057945 003 CaOOAMICUS 005 20060706000000.0 008 060706s1901 xx u000 u mul u 013 $a29117 040 $aSeMil$bita 245 10$aSummarium, Super Dubio. Informatio. Super Dubio. 260 $a[S.l. :$bs.n.],$c1901. 300 $a1 v. (varie sequenze). 500 $aManca il frontespizio. 773 0 $tMediolanen. Beatificationis seu confirmationis cultus ab immemorabili tempore praestiti servo dei Arialdo diacono ecclesiae mediolanensis sancto vel beato nuncupato.$d[Mediolani] : Typis Guerra et Mirri, 1901-1905.$gTom.1$w()15972 850 $aSeMil 852 $aSeMil$W1$xVenegono$y1$m6W III 28$j24098$B24098$CSeMilBibl$Z2$F24101 $8I 961 $aOmaggio: Donazione 996 $6245$aSummarium, Super Dubio. Informatio. Super Dubio$9(OLS)http://semarc/title/90233 996 $6260$a[S.l. :$bs.n.]$9(OLS)http://semarc/publisher/29751